01098 2200337 4500001002100000005001500021035002000036007000300056008004100059020002200100040002200122082001500144084001700159090002200176100004400198245012500242250003500367300005100402500001100453650001700464700003800481700004800519850001200567504003100579264003200610336002100642337003000663338002300693999002200716990002200738INLIS00000000086040620250619092341 a0010-0521000987ta210528s2020 yoia g 1 ind d a978-623-02-1794-4 aYOPDYOGbinderda04223a621.24 a621.24 SIR t aCB-D.11 2020-26581 aSiregar, Indra Herlambad1971-epenulis10aTurbin angin sumbu vertikal berbasis drag forces /cIndra Herlamba Siregar, Mohammad Effendy, Akhmad Hafizh Ainur Rasyid aCetakan pertama, November 2020 aviii, 75 halaman :bilustrasi, gambar ;c23 cm aIndeks 4aTurbin angin0 aMohammad Effendy,d1977-epenulis0 aAkhmad Hafizh Ainur Rasyid,d1988-epenulis aYOPDYOG aBibliografi: halaman 69-7031aSleman :bDeepublish,c2020 2rdacontentateks 2rdamediaatanpa perantara 2rdacarrieravolume aCB-D.11/2020-2658 aCB-D.11/2020-2658